[Event "SUI-ch 124th"]
[Site "Disentis"]
[Date "2025.07.18"]
[Round "7"]
[White "Peng, Li Min"]
[Black "Gaehwiler, Gabriel"]
[Result "1-0"]
[WhiteElo "2509"]
[BlackElo "2380"]
[PlyCount "59"]
[EventDate "2025.07.12"]
[EventType "tourn"]
[EventRounds "9"]
[EventCountry "SUI"]
[EventCategory "6"]
[SourceTitle "CB30_2025"]
[SourceDate "2025.07.23"]
[SourceVersion "1"]
[SourceVersionDate "2025.07.23"]
[SourceQuality "1"]

1. Nf3 Nf6 2. c4 e6 3. b3 b6 4. g3 Bb7 5. Bg2 d5 6. 0-0 Be7 7. Bb2 0-0 8. e3 c5 9. Qe2 Nbd7 10. Rd1 Qc7 11. Nc3 Rac8 12. Rac1 Qb8 13. cxd5 Nxd5 14. Nxd5 Bxd5 15. d4 Qb7 16. dxc5 Nxc5 17. Ne1 Bxg2 18. Nxg2 Rfd8 19. Nf4 Ne4 20. Rxc8 Rxc8 21. h4 Bf8 22. Qf3 h6 23. Be5 Rc2 24. Rd8 Rxf2 25. Qg4 f6 26. Qxe6+ Qf7 27. Bd6 Qxe6 28. Rxf8+ Kh7 29. Nxe6 Rxa2 30. Bb8 1-0

[Event "SUI-ch 124th"]
[Site "Disentis"]
[Date "2025.07.16"]
[Round "5"]
[White "Gaehwiler, Gabriel"]
[Black "Toktomushev, Teimur"]
[Result "0-1"]
[WhiteElo "2380"]
[BlackElo "2401"]
[PlyCount "50"]
[EventDate "2025.07.12"]
[EventType "tourn"]
[EventRounds "9"]
[EventCountry "SUI"]
[EventCategory "6"]
[SourceTitle "CB30_2025"]
[SourceDate "2025.07.23"]
[SourceVersion "1"]
[SourceVersionDate "2025.07.23"]
[SourceQuality "1"]

1. d4 d5 2. c4 e6 3. Nf3 Nf6 4. g3 Be7 5. Bg2 0-0 6. 0-0 c6 7. Qc2 b6 8. Rd1 Ba6 9. Ne5 Nfd7 10. cxd5 cxd5 11. e4 Nxe5 12. exd5 Nd3 13. d6 Qxd6 14. Bxa8 Nb4 15. Qb3 N8c6 16. Bf4 Qd7 17. Bxc6 Qxc6 18. Rc1 Qa8 19. Rc7 Nd5 20. Rxe7 Nxe7 21. Qa3 Qb7 22. Bd6 Rc8 23. Nc3 Nf5 24. Rd1 Rd8 25. Be5 f6 0-1

[Event "SUI-ch 124th"]
[Site "Disentis"]
[Date "2025.07.15"]
[Round "4"]
[White "Fischer, Daniel1"]
[Black "Gaehwiler, Gabriel"]
[Result "1/2-1/2"]
[WhiteElo "2361"]
[BlackElo "2380"]
[PlyCount "73"]
[EventDate "2025.07.12"]
[EventType "tourn"]
[EventRounds "9"]
[EventCountry "SUI"]
[EventCategory "6"]
[SourceTitle "CB30_2025"]
[SourceDate "2025.07.23"]
[SourceVersion "1"]
[SourceVersionDate "2025.07.23"]
[SourceQuality "1"]

1. e4 c5 2. Nf3 d6 3. d4 Nf6 4. Nc3 cxd4 5. Nxd4 a6 6. a4 e6 7. Be2 Be7 8. 0-0 Nc6 9. Nxc6 bxc6 10. a5 d5 11. Qd3 0-0 12. Qg3 Nd7 13. Bf4 Bh4 14. Qf3 d4 15. Nb1 e5 16. Bg3 Bxg3 17. Qxg3 Qf6 18. Nd2 Nc5 19. Rfe1 Be6 20. Qa3 Nb7 21. Bc4 Rfd8 22. Qa2 Bxc4 23. Nxc4 Nd6 24. Nb6 Rab8 25. Qa3 Qe6 26. Qd3 Nc8 27. Na4 Rb5 28. c4 Rb8 29. Nc5 Qe7 30. Qa3 Qa7 31. b4 Nd6 32. Rec1 f6 33. Rab1 Nb7 34. Nd3 Nd6 35. Nc5 Nb7 36. Nd3 Nd6 37. Nc5 1/2-1/2

[Event "SUI-ch 124th"]
[Site "Disentis"]
[Date "2025.07.12"]
[Round "1"]
[White "Gaehwiler, Gabriel"]
[Black "Fecker, Noah"]
[Result "1/2-1/2"]
[WhiteElo "2380"]
[BlackElo "2347"]
[PlyCount "62"]
[EventDate "2025.07.12"]
[EventType "tourn"]
[EventRounds "9"]
[EventCountry "SUI"]
[EventCategory "6"]
[SourceTitle "CB30_2025"]
[SourceDate "2025.07.23"]
[SourceVersion "1"]
[SourceVersionDate "2025.07.23"]
[SourceQuality "1"]

1. d4 d5 2. c4 e6 3. Nf3 Nf6 4. g3 Bd6 5. Nbd2 0-0 6. Bg2 b6 7. b3 Bb7 8. Bb2 dxc4 9. bxc4 Nbd7 10. 0-0 c5 11. e3 Qc7 12. Rc1 Rfe8 13. Qe2 Rac8 14. Rfd1 h6 15. Nb3 Be7 16. dxc5 Nxc5 17. Bd4 Be4 18. Nxc5 bxc5 19. Bxf6 Bxf3 20. Bxf3 Bxf6 21. Rb1 Rb8 22. Qc2 Rxb1 23. Rxb1 Rb8 24. Rxb8+ Qxb8 25. Qb3 Qxb3 26. axb3 Kf8 27. Kf1 Ke7 28. Ke2 Kd6 29. Kd3 Bd8 30. Bg2 Ba5 31. Ke2 Ke5 1/2-1/2

[Event "SUI-chT"]
[Site "Switzerland"]
[Date "2025.03.16"]
[Round "1.5"]
[White "Gaehwiler, Gabriel"]
[Black "Frey, Fabian"]
[Result "1/2-1/2"]
[WhiteElo "2388"]
[BlackElo "2207"]
[PlyCount "106"]
[EventDate "2025.03.16"]
[EventType "team-tourn"]
[EventRounds "9"]
[EventCountry "SUI"]
[SourceTitle "CB14_2025"]
[SourceDate "2024.11.01"]
[SourceVersion "1"]
[SourceVersionDate "2024.11.01"]
[SourceQuality "1"]
[WhiteTeam "Luzern"]
[BlackTeam "Wollishofen"]
[WhiteTeamCountry "SUI"]
[BlackTeamCountry "SUI"]

1. Nf3 d5 2. c4 c6 3. d4 Nf6 4. Nc3 e6 5. g3 dxc4 6. a4 a5 7. Ne5 Bb4 8. Bg2 Nd5 9. Bd2 Nb6 10. e3 N8d7 11. Nxd7 Qxd7 12. Ne4 Be7 13. Qe2 0-0 14. 0-0 Qc7 15. Bc3 Bd7 16. Rfc1 Rfc8 17. Nd2 c5 18. Nxc4 Nxc4 19. Qxc4 cxd4 20. Qxd4 Bf6 21. Qd2 Bxc3 22. Rxc3 Bc6 23. Bxc6 bxc6 24. Rc5 Qb6 25. Rac1 h6 26. Qc3 Ra6 27. Rc4 Rb8 28. Rxc6 Qxc6 29. Qxc6 Rxc6 30. Rxc6 Rxb2 31. Rc5 g5 32. h3 Kg7 33. Rxa5 Ra2 34. Ra8 h5 35. g4 hxg4 36. hxg4 Kf6 37. Kg2 Ke5 38. a5 Kf6 39. Kg3 Ra3 40. a6 Kg7 41. Kg2 Kf6 42. Kf3 Ra2 43. a7 Ra1 44. Ke4 Ra4+ 45. Kd3 Ra3+ 46. Kc4 Ra1 47. f4 gxf4 48. exf4 Ra2 49. g5+ Kg7 50. Kc5 Ra1 51. Kb6 Rb1+ 52. Ka6 Ra1+ 53. Kb6 Rb1+ 1/2-1/2

[Event "Wch Blitz"]
[Site "New York"]
[Date "2024.12.30"]
[Round "3"]
[White "Gaehwiler, Gabriel"]
[Black "Al Tarboush, Ward"]
[Result "0-1"]
[WhiteElo "2392"]
[BlackElo "2248"]
[PlyCount "96"]
[EventDate "2024.12.30"]
[EventType "swiss (blitz)"]
[EventRounds "13"]
[EventCountry "USA"]
[SourceTitle "CB01_2025"]
[SourceDate "2025.01.01"]
[SourceVersion "1"]
[SourceVersionDate "2025.01.01"]
[SourceQuality "1"]

1. d4 d5 2. c4 c6 3. Nf3 Nf6 4. Nc3 dxc4 5. a4 Bf5 6. Ne5 Nbd7 7. Nxc4 Nb6 8. Ne3 Bg6 9. a5 Nbd5 10. Qb3 e6 11. g3 Nb4 12. Bg2 Qxd4 13. 0-0 Be7 14. Rd1 Qc5 15. a6 bxa6 16. Na4 Qh5 17. Bf3 Qb5 18. Nc3 Qb8 19. Rd4 0-0 20. Bd2 Nbd5 21. Qa2 Qb6 22. Ra4 Nb4 23. Qb3 Rab8 24. Ra5 c5 25. Nc4 Qd8 26. Bf4 Bc2 27. Qa3 Rc8 28. Rc1 Nfd5 29. Bd2 Nb6 30. Nxb6 axb6 31. Bf4 bxa5 32. Ra1 Qb6 33. Na4 Bxa4 34. Qxa4 Qb5 35. Qd1 Rfd8 36. Qc1 Nd5 37. Bd2 Nb4 38. Bc3 c4 39. h4 Bf6 40. Kg2 Bxc3 41. bxc3 Nd5 42. h5 h6 43. Qa3 Qb3 44. Qxa5 Qxc3 45. Qa2 Qb3 46. Qd2 c3 47. Qc1 Qb2 48. Qe1 c2 0-1

[Event "Wch Blitz"]
[Site "New York"]
[Date "2024.12.30"]
[Round "7"]
[White "Gaehwiler, Gabriel"]
[Black "Juksta, Karolis"]
[Result "1-0"]
[WhiteElo "2392"]
[BlackElo "2403"]
[PlyCount "77"]
[EventDate "2024.12.30"]
[EventType "swiss (blitz)"]
[EventRounds "13"]
[EventCountry "USA"]
[SourceTitle "CB01_2025"]
[SourceDate "2025.01.01"]
[SourceVersion "1"]
[SourceVersionDate "2025.01.01"]
[SourceQuality "1"]

1. d4 d5 2. c4 e6 3. Nf3 Nf6 4. g3 Be7 5. Bg2 0-0 6. Nc3 c6 7. Qd3 Nbd7 8. 0-0 b6 9. b3 Ba6 10. Rd1 c5 11. Nb5 cxd4 12. Nfxd4 Nc5 13. Qc2 Bb7 14. Bf4 a6 15. Nc3 Rc8 16. Qb2 Qd7 17. Rac1 Rfd8 18. Qb1 Qe8 19. cxd5 Nxd5 20. Nxd5 Bxd5 21. Nf5 Bxg2 22. Nxe7+ Qxe7 23. Kxg2 e5 24. Be3 Rxd1 25. Rxd1 f6 26. Qf5 Rc7 27. Kg1 g6 28. Qf3 Kg7 29. h4 h5 30. Rc1 a5 31. Qd5 Na6 32. Rxc7 Qxc7 33. Qe6 Nc5 34. Qd5 Nd7 35. Kg2 Kf8 36. Qe6 Kg7 37. Qe7+ Kg8 38. Bh6 Qc6+ 39. f3 1-0

[Event "Wch Blitz"]
[Site "New York"]
[Date "2024.12.30"]
[Round "11"]
[White "Gaehwiler, Gabriel"]
[Black "Kostolansky, Sebastian Lukas"]
[Result "0-1"]
[WhiteElo "2392"]
[BlackElo "2421"]
[PlyCount "236"]
[EventDate "2024.12.30"]
[EventType "swiss (blitz)"]
[EventRounds "13"]
[EventCountry "USA"]
[SourceTitle "CB01_2025"]
[SourceDate "2025.01.01"]
[SourceVersion "1"]
[SourceVersionDate "2025.01.01"]
[SourceQuality "1"]

1. d4 Nf6 2. Nf3 d5 3. c4 e6 4. g3 Be7 5. Bg2 0-0 6. Nc3 c6 7. Qd3 b6 8. b3 Nbd7 9. 0-0 Ba6 10. Rd1 c5 11. Nb5 Bb7 12. Bf4 a6 13. Bc7 Qc8 14. Bd6 Qd8 15. Bxe7 Qxe7 16. Nc3 cxd4 17. Nxd4 dxc4 18. Qxc4 Ne5 19. Qa4 Bxg2 20. Kxg2 Rfc8 21. Rac1 h5 22. Nf3 Nxf3 23. exf3 Rc7 24. Ne4 Nd5 25. Qd4 h4 26. Qe5 Rac8 27. Rxc7 Qxc7 28. Qg5 Qc2 29. Rd2 Qc1 30. Qxh4 f5 31. Rxd5 exd5 32. Ng5 Qc3 33. Qh7+ Kf8 34. Qxf5+ Kg8 35. Qe6+ Kh8 36. h4 d4 37. Qf5 Qc2 38. Qe5 d3 39. Nf7+ Kg8 40. Qe6 Qc6 41. Nd6+ Kh8 42. Nf7+ Kh7 43. Ng5+ Kh8 44. Qf5 Kg8 45. Qxd3 Re8 46. h5 Qf6 47. Qd5+ Kh8 48. Ne4 Qe7 49. Qd4 b5 50. h6 Kh7 51. hxg7 Qxg7 52. Nf6+ Kg6 53. Qd3+ Kxf6 54. Qd6+ Kf7 55. Qxa6 Qe5 56. Qb7+ Re7 57. Qc6 Re6 58. Qd7+ Re7 59. Qc6 Qf5 60. Qd6 Qe5 61. Qc6 Rc7 62. Qb6 Rc2 63. Qb7+ Kf6 64. Qa8 Qb2 65. Qa7 Qe5 66. Qb6+ Kf7 67. Qb7+ Rc7 68. Qb6 Rd7 69. Qc6 Rd2 70. Qb7+ Kf6 71. Qa7 Qd4 72. Qa6+ Ke7 73. Qb7+ Kd6 74. Qxb5 Rxf2+ 75. Kh3 Rxf3 76. Qa6+ Ke5 77. Qb5+ Ke4 78. Qe8+ Kd3 79. Qg6+ Ke2 80. Qc2+ Ke3 81. Qc1+ Ke4 82. Kg4 Rc3 83. Qg5 Qf2 84. Qe7+ Kd3 85. Qd7+ Kc2 86. Qd6 Qf3+ 87. Kh4 Qh1+ 88. Kg5 Qh2 89. Kg4 Qe2+ 90. Kh4 Qe4+ 91. Kh3 Rd3 92. Qc5+ Kb2 93. Qf2+ Ka3 94. Qc5+ Kxa2 95. Qf2+ Kxb3 96. Qb6+ Kc2 97. Qc5+ Kd2 98. Qf2+ Qe2 99. Qf4+ Qe3 100. Qb4+ Ke2 101. Qb2+ Rd2 102. Qb5+ Qd3 103. Qe5+ Kd1 104. Qa1+ Ke2 105. Qe5+ Kf1 106. Qa1+ Kf2 107. Qf6+ Kg1 108. Qb6+ Qd4 109. Qb1+ Kf2 110. Qf5+ Kg1 111. Qb1+ Rd1 112. Qc2 Qd7+ 113. g4 Qd3+ 114. Qxd3 Rxd3+ 115. Kh4 Kf2 116. g5 Kf3 117. g6 Kf4 118. g7 Rg3 0-1

[Event "Wch Blitz"]
[Site "New York"]
[Date "2024.12.30"]
[Round "13"]
[White "Gaehwiler, Gabriel"]
[Black "Sardana, Rishi"]
[Result "0-1"]
[WhiteElo "2392"]
[BlackElo "2466"]
[PlyCount "96"]
[EventDate "2024.12.30"]
[EventType "swiss (blitz)"]
[EventRounds "13"]
[EventCountry "USA"]
[SourceTitle "CB01_2025"]
[SourceDate "2025.01.01"]
[SourceVersion "1"]
[SourceVersionDate "2025.01.01"]
[SourceQuality "1"]

1. d4 d5 2. c4 e6 3. Nf3 h6 4. Nbd2 Nf6 5. g3 c5 6. cxd5 exd5 7. Bg2 Nc6 8. 0-0 Be7 9. b3 0-0 10. Bb2 Bg4 11. Rc1 cxd4 12. Nxd4 Rc8 13. N2f3 Re8 14. h3 Bh5 15. Nf5 Bf8 16. a3 Ne4 17. b4 Qd7 18. N5d4 a5 19. Nxc6 bxc6 20. Ne5 Qb7 21. Nd3 axb4 22. axb4 Bd6 23. Re1 Qb6 24. g4 Bg6 25. e3 Bxb4 26. Nxb4 Qxb4 27. Ba1 Qd6 28. Re2 f6 29. Rec2 Qe6 30. Bd4 Ng5 31. Rc5 Be4 32. f3 Bh7 33. Qd2 Qd7 34. Ra5 Ne6 35. Bb6 Ra8 36. Kf2 Rxa5 37. Bxa5 d4 38. exd4 Nxd4 39. Re1 Rxe1 40. Qxe1 Ne6 41. Bc3 Nf4 42. Bf1 Bd3 43. Qd2 g5 44. Bxf6 Qd5 45. Bxd3 Nxd3+ 46. Ke3 Nf4 47. Qc3 Qe6+ 48. Kd2 Nd5 0-1

[Event "Wch Blitz"]
[Site "New York"]
[Date "2024.12.30"]
[Round "9"]
[White "Gaehwiler, Gabriel"]
[Black "Smirnov, Mark1"]
[Result "1/2-1/2"]
[WhiteElo "2392"]
[BlackElo "2336"]
[PlyCount "167"]
[EventDate "2024.12.30"]
[EventType "swiss (blitz)"]
[EventRounds "13"]
[EventCountry "USA"]
[SourceTitle "CB01_2025"]
[SourceDate "2025.01.01"]
[SourceVersion "1"]
[SourceVersionDate "2025.01.01"]
[SourceQuality "1"]

1. d4 Nf6 2. c4 e6 3. Nf3 d5 4. g3 Be7 5. Bg2 0-0 6. Nc3 dxc4 7. Ne5 Nc6 8. Bxc6 bxc6 9. Nxc6 Qe8 10. Nxe7+ Qxe7 11. Qa4 Nd5 12. Qxc4 a5 13. Qc5 Qxc5 14. dxc5 Nxc3 15. bxc3 e5 16. f3 Be6 17. Kf2 Rab8 18. Ba3 Rfd8 19. Rhb1 f6 20. c6 Bd5 21. Rb7 Rxb7 22. cxb7 Bxb7 23. Rb1 Ba6 24. Ke3 Kf7 25. h4 Ke6 26. Bc5 f5 27. Ba3 h6 28. h5 Kf6 29. Rb2 Ke6 30. Bc5 Rd5 31. Bf8 Kf7 32. Ba3 Bb5 33. Rc2 Bc4 34. Rb2 Bb5 35. Kf2 f4 36. Rc2 Bc4 37. Rb2 Bb5 38. Rc2 Bc4 39. Rb2 Rd7 40. Bc5 Kf6 41. g4 Kg5 42. Bf8 e4 43. fxe4 Kxg4 44. e5 Kxh5 45. Rb7 Rf7 46. Bc5 Kg5 47. a4 Kf5 48. Ra7 Kxe5 49. Rxa5 Ke6 50. Bd4 Bd5 51. Ra6+ Kf5 52. Ra5 Ke4 53. Rc5 g5 54. a5 Rf8 55. Rxc7 Bb3 56. Re7+ Kf5 57. a6 Kg4 58. a7 Bd5 59. Rd7 Ba8 60. c4 h5 61. c5 Kh3 62. Rh7 h4 63. Be5 g4 64. Bd6 g3+ 65. Kg1 Re8 66. Be7 Kg4 67. Rxh4+ Kf5 68. Bd6 Rxe2 69. Rxf4+ Kg5 70. Rf8 Re1+ 71. Rf1 Re2 72. Rb1 Kg4 73. Bxg3 Kxg3 74. Rb3+ Kg4 75. Rb8 Bc6 76. Rc8 Kg3 77. Rg8+ Kf4 78. Rg6 Be4 79. Rg8 Ke3 80. Rg3+ Kf4 81. Ra3 Rc2 82. a8Q Bxa8 83. Rxa8 Rxc5 84. Ra2 1/2-1/2

[Event "Wch Blitz"]
[Site "New York"]
[Date "2024.12.30"]
[Round "5"]
[White "Gaehwiler, Gabriel"]
[Black "Woodward, Andy"]
[Result "0-1"]
[WhiteElo "2392"]
[BlackElo "2530"]
[PlyCount "56"]
[EventDate "2024.12.30"]
[EventType "swiss (blitz)"]
[EventRounds "13"]
[EventCountry "USA"]
[SourceTitle "CB01_2025"]
[SourceDate "2025.01.01"]
[SourceVersion "1"]
[SourceVersionDate "2025.01.01"]
[SourceQuality "1"]

1. e4 c5 2. Nf3 d6 3. d4 cxd4 4. Nxd4 Nf6 5. Nc3 a6 6. g3 e5 7. Nde2 Be7 8. Bg2 Nbd7 9. a4 Nc5 10. 0-0 0-0 11. Bg5 Be6 12. Bxf6 Bxf6 13. Nd5 Be7 14. Nec3 Rc8 15. a5 Nd7 16. Qd2 Bg5 17. f4 Bh6 18. Qe2 exf4 19. gxf4 Re8 20. f5 Bxd5 21. Nxd5 Nf6 22. Rfd1 Rc5 23. Qd3 Rxd5 24. exd5 Be3+ 25. Kh1 Ng4 26. Rf1 Qh4 27. h3 Qg3 28. hxg4 Qh4+ 0-1

[Event "Wch Blitz"]
[Site "New York"]
[Date "2024.12.30"]
[Round "8"]
[White "Rosen, Eric S"]
[Black "Gaehwiler, Gabriel"]
[Result "1/2-1/2"]
[WhiteElo "2377"]
[BlackElo "2392"]
[PlyCount "126"]
[EventDate "2024.12.30"]
[EventType "swiss (blitz)"]
[EventRounds "13"]
[EventCountry "USA"]
[SourceTitle "CB01_2025"]
[SourceDate "2025.01.01"]
[SourceVersion "1"]
[SourceVersionDate "2025.01.01"]
[SourceQuality "1"]

1. d4 Nf6 2. Bf4 d5 3. Nf3 a6 4. Nbd2 g6 5. e3 Bg7 6. h3 c5 7. dxc5 Nbd7 8. Nb3 Nxc5 9. Nxc5 Qa5+ 10. c3 Qxc5 11. Bd3 0-0 12. 0-0 Nd7 13. e4 dxe4 14. Bxe4 Nf6 15. Bc2 Bf5 16. Be3 Qc8 17. Bxf5 Qxf5 18. Nd4 Qd5 19. Qb3 Qxb3 20. Nxb3 Nd5 21. Bd4 Rfd8 22. Bxg7 Kxg7 23. Rad1 e6 24. Rd4 Nf6 25. Rfd1 Rxd4 26. Rxd4 Rc8 27. Kf1 Kf8 28. Ke2 Ke7 29. Rb4 Rc7 30. Na5 b5 31. Rd4 Nd5 32. g3 Nb6 33. h4 h5 34. Rd2 Na4 35. Nb3 Rc4 36. Nd4 Rc5 37. f4 Nb6 38. Nb3 Rc4 39. Na5 Rc7 40. Kf3 Na4 41. Ke2 Rd7 42. Nc6+ Ke8 43. Rxd7 Kxd7 44. Ne5+ Ke7 45. Nd3 Kd6 46. Kd2 f6 47. b3 Nb6 48. Ke3 Nd5+ 49. Kd4 Ne7 50. Ke3 Nf5+ 51. Kf3 a5 52. Nf2 Ke7 53. Ne4 Nd6 54. Nxd6 Kxd6 55. Ke4 Kc5 56. Kd3 a4 57. Ke3 Kd5 58. Kd3 Kc5 59. Ke3 Kd5 60. Kd3 Kc5 61. Ke3 Kd5 62. Kd3 Kc5 63. Ke3 Kd5 1/2-1/2

[Event "Wch Rapid"]
[Site "New York"]
[Date "2024.12.28"]
[Round "13"]
[White "Zhalmakhanov, Ramazan"]
[Black "Gaehwiler, Gabriel"]
[Result "0-1"]
[WhiteElo "2423"]
[BlackElo "2353"]
[PlyCount "168"]
[EventDate "2024.12.26"]
[EventType "swiss (rapid)"]
[EventRounds "13"]
[EventCountry "USA"]
[SourceTitle "CB01_2025"]
[SourceDate "2025.01.01"]
[SourceVersion "1"]
[SourceVersionDate "2025.01.01"]
[SourceQuality "1"]

1. e4 c5 2. Nf3 d6 3. Nc3 a6 4. g3 b5 5. Bg2 Bb7 6. d3 e6 7. 0-0 Be7 8. Nd2 Nd7 9. f4 Qc7 10. a4 b4 11. Ne2 Ngf6 12. h3 c4 13. g4 cxd3 14. cxd3 Nc5 15. Nf3 0-0 16. Be3 Rac8 17. g5 Nh5 18. Nfd4 g6 19. Nb3 Qd7 20. Na5 Ba8 21. Nc4 Qd8 22. a5 Nd7 23. Bf3 Ng7 24. Nb6 Nxb6 25. Bxb6 Qd7 26. Qd2 d5 27. Qe3 Rc2 28. Rfc1 Rfc8 29. Rxc2 Rxc2 30. Nd4 Rc8 31. e5 Bb7 32. Rc1 Qa4 33. Rxc8+ Bxc8 34. Qc1 Qd7 35. Nc6 Bf8 36. Nb8 Qb7 37. Qc7 Qxc7 38. Bxc7 Bc5+ 39. Kf1 Be3 40. Bb6 Bxf4 41. d4 Nf5 42. Be2 Ng3+ 43. Kf2 Nxe2 44. Kxe2 Bxg5 45. Nc6 Bb7 46. Nxb4 Be7 47. Bc5 Bd8 48. Bb6 Be7 49. Bc5 Kf8 50. Ke3 Ke8 51. Bxe7 Kxe7 52. Kf4 h6 53. h4 Kf8 54. Nd3 Bc6 55. Nf2 Kg7 56. b4 Bb5 57. Ng4 Bc6 58. Ne3 Ba4 59. Ng4 Bb5 60. Nf2 Bc6 61. Nd3 Bb5 62. Nc5 Bf1 63. Nb7 Bb5 64. Nc5 Bc4 65. Ke3 Bb5 66. Nb7 Bc6 67. Nd6 g5 68. hxg5 hxg5 69. b5 axb5 70. a6 b4 71. a7 b3 72. Kd2 g4 73. Nb5 Kg6 74. Nc3 Kg5 75. Ne2 Kf5 76. Kc3 Ke4 77. Ng3+ Kf3 78. Nh5 g3 79. Nxg3 Kxg3 80. Kxb3 Kf3 81. Kb4 Ke4 82. Kc5 Ba8 83. Kb6 Kxd4 84. Kc7 Kc5 0-1

[Event "Wch Rapid"]
[Site "New York"]
[Date "2024.12.27"]
[Round "9"]
[White "Gaehwiler, Gabriel"]
[Black "Thavandiran, Shiyam"]
[Result "1/2-1/2"]
[WhiteElo "2353"]
[BlackElo "2405"]
[PlyCount "133"]
[EventDate "2024.12.26"]
[EventType "swiss (rapid)"]
[EventRounds "13"]
[EventCountry "USA"]
[SourceTitle "CB01_2025"]
[SourceDate "2025.01.01"]
[SourceVersion "1"]
[SourceVersionDate "2025.01.01"]
[SourceQuality "1"]

1. e4 e6 2. d4 d5 3. Bd3 dxe4 4. Bxe4 Nf6 5. Bf3 c5 6. Ne2 Nc6 7. Be3 e5 8. Bxc6+ bxc6 9. dxe5 Qxd1+ 10. Kxd1 Ng4 11. Nd2 Nxe5 12. h3 Ba6 13. Re1 0-0-0 14. Kc1 Be7 15. Nc3 Rhe8 16. b3 f5 17. Kb2 Ng6 18. g3 Bf6 19. Rad1 h5 20. Ndb1 Rxd1 21. Rxd1 Re5 22. Kc1 h4 23. gxh4 f4 24. Bd2 Bxh4 25. Rg1 Re6 26. f3 Bg3 27. Ne4 Rxe4 28. fxe4 Nh4 29. Be1 Bxe1 30. Rxe1 Ng2 31. Rh1 f3 32. c4 Kc7 33. Nd2 f2 34. Rf1 Nf4 35. Kd1 Nxh3 36. Ke2 Bc8 37. Kf3 Kd6 38. Rh1 g5 39. Nf1 Ke5 40. Ke3 g4 41. Ng3 Be6 42. Rd1 Bf7 43. Rd7 Bg6 44. Re7+ Kf6 45. Rxa7 Kg5 46. Rg7 Kf6 47. Rxg6+ Kxg6 48. a4 Ng5 49. a5 Ne6 50. a6 Nc7 51. a7 Kg5 52. e5 f1Q 53. Nxf1 Kf5 54. Ng3+ Kxe5 55. Ne4 Na8 56. Nxc5 Kd6 57. Ne4+ Kc7 58. Kf4 Kb7 59. Kxg4 Kxa7 60. Kf5 Kb6 61. Ke5 Nc7 62. Nf6 Kc5 63. Nd7+ Kb4 64. Kd6 Kxb3 65. c5 Na6 66. Kxc6 Nxc5 67. Nxc5+ 1/2-1/2

[Event "Wch Rapid"]
[Site "New York"]
[Date "2024.12.26"]
[Round "5"]
[White "Gaehwiler, Gabriel"]
[Black "Van Foreest, Jorden"]
[Result "0-1"]
[WhiteElo "2353"]
[BlackElo "2651"]
[PlyCount "60"]
[EventDate "2024.12.26"]
[EventType "swiss (rapid)"]
[EventRounds "13"]
[EventCountry "USA"]
[SourceTitle "CB01_2025"]
[SourceDate "2025.01.01"]
[SourceVersion "1"]
[SourceVersionDate "2025.01.01"]
[SourceQuality "1"]

1. e4 c6 2. d4 d5 3. exd5 cxd5 4. Bd3 Nc6 5. c3 Nf6 6. Bf4 g6 7. Qc2 Nh5 8. Be3 Ng7 9. Nf3 Bf5 10. 0-0 e6 11. Nbd2 Bd6 12. Bg5 f6 13. Bh4 0-0 14. Rfe1 Qc7 15. Bg3 Bxg3 16. hxg3 Nb4 17. cxb4 Qxc2 18. Bxc2 Bxc2 19. Nf1 Rac8 20. Ne3 Rc7 21. g4 g5 22. Nd2 Rfc8 23. g3 Kf7 24. f4 gxf4 25. gxf4 h5 26. g5 Nf5 27. Nxf5 Bxf5 28. gxf6 Rc2 29. Nf3 Kxf6 30. Ng5 h4 0-1

[Event "Wch Rapid"]
[Site "New York"]
[Date "2024.12.26"]
[Round "2"]
[White "Sevian, Samuel"]
[Black "Gaehwiler, Gabriel"]
[Result "1-0"]
[WhiteElo "2614"]
[BlackElo "2353"]
[PlyCount "61"]
[EventDate "2024.12.26"]
[EventType "swiss (rapid)"]
[EventRounds "13"]
[EventCountry "USA"]
[SourceTitle "CB01_2025"]
[SourceDate "2025.01.01"]
[SourceVersion "1"]
[SourceVersionDate "2025.01.01"]
[SourceQuality "1"]

1. e4 c5 2. Nf3 d6 3. d4 cxd4 4. Nxd4 Nf6 5. Bd3 Nc6 6. Be3 g6 7. h3 Bg7 8. c4 0-0 9. Nc3 Nd7 10. Be2 Nc5 11. 0-0 Ne6 12. Nb3 b6 13. Rc1 Bb7 14. f4 Nc5 15. Qd2 Nb4 16. Bf3 Rc8 17. Rcd1 Bxc3 18. bxc3 Nba6 19. Qc2 Qc7 20. h4 Nd7 21. Nd2 Nac5 22. h5 Qc6 23. e5 Qc7 24. exd6 Qxd6 25. hxg6 Qxg6 26. f5 Qf6 27. Bxb7 Nxb7 28. Ne4 Qc6 29. f6 Nxf6 30. Ng5 Rfd8 31. Bd4 1-0

[Event "SUI-chT"]
[Site "Switzerland"]
[Date "2024.08.25"]
[Round "7.5"]
[White "Gaehwiler, Gabriel"]
[Black "Sigfusson, Sigurdur Dadi"]
[Result "1-0"]
[WhiteElo "2390"]
[BlackElo "2262"]
[PlyCount "45"]
[EventDate "2024.03.10"]
[EventType "team-tourn"]
[EventRounds "9"]
[EventCountry "SUI"]
[SourceTitle "EXT 2025"]
[Source "ChessBase"]
[SourceDate "2024.10.14"]
[SourceVersion "1"]
[SourceVersionDate "2024.10.14"]
[SourceQuality "1"]
[WhiteTeam "Luzern"]
[BlackTeam "Reti"]
[WhiteTeamCountry "SUI"]
[BlackTeamCountry "SUI"]

1. d4 Nf6 2. c4 g6 3. Nf3 Bg7 4. Nc3 0-0 5. Bg5 d6 6. e3 Nbd7 7. Bd3 c5 8. 0-0 h6 9. Bh4 b6 10. d5 Ng4 11. Nd2 Nde5 12. Bc2 g5 13. Bg3 f5 14. h3 f4 15. exf4 gxf4 16. Bh4 f3 17. gxf3 Nh2 18. Kxh2 Qd7 19. Rh1 Rxf3 20. Kg2 Rxh3 21. Qe2 Nf3 22. Nxf3 Qg4+ 23. Bg3 1-0

[Event "Biel Rapid op 57th"]
[Site "Biel"]
[Date "2024.07.14"]
[Round "8"]
[White "Gaehwiler, Gabriel"]
[Black "Peycheva, Gergana"]
[Result "1-0"]
[WhiteElo "2398"]
[BlackElo "2261"]
[PlyCount "139"]
[EventDate "2024.07.14"]
[EventType "swiss (rapid)"]
[EventRounds "9"]
[EventCountry "SUI"]
[SourceTitle "EXT 2025"]
[Source "ChessBase"]
[SourceDate "2024.10.14"]
[SourceVersion "1"]
[SourceVersionDate "2024.10.14"]
[SourceQuality "1"]

1. d4 d5 2. Nf3 Nf6 3. c4 e6 4. g3 Be7 5. Bg2 0-0 6. Nc3 c6 7. Qd3 Nbd7 8. e4 dxe4 9. Nxe4 Nxe4 10. Qxe4 Bb4+ 11. Bd2 Bxd2+ 12. Nxd2 c5 13. Nb3 cxd4 14. Qxd4 e5 15. Qd6 Nb6 16. Qxd8 Rxd8 17. Na5 e4 18. 0-0 Bf5 19. Nxb7 Rd7 20. Nc5 Rc7 21. Nxe4 Bxe4 22. Bxe4 Re8 23. Bd5 Nxc4 24. Rfe1 Rec8 25. Re2 g6 26. Rae1 Kf8 27. Kg2 Nd6 28. Bb3 Nf5 29. Rd2 h5 30. Red1 Rb7 31. Rd7 Rcc7 32. Rd8+ Kg7 33. h3 Rb4 34. R1d2 Rbb7 35. R2d5 Ne7 36. R5d6 Nf5 37. Rd3 Rb4 38. Kf3 Ne7 39. Ke2 Nc6 40. R8d7 Rbb7 41. Rxc7 Rxc7 42. Rd6 Kf8 43. Kd2 Ke7 44. Rd5 Nb4 45. Re5+ Kf6 46. Re4 Nc6 47. Rc4 Rd7+ 48. Kc3 Ne5 49. Rf4+ Ke7 50. Re4 Kf6 51. Re3 Rc7+ 52. Kd4 Rd7+ 53. Kc3 Rc7+ 54. Kb4 Rb7+ 55. Kc5 Rc7+ 56. Kb5 Rb7+ 57. Ka6 Rd7 58. Ba4 Rc7 59. Rc3 Re7 60. f4 Nd7 61. Rc7 Nb6 62. Rxe7 Kxe7 63. Bb3 Nc8 64. Kb7 Kd8 65. a4 f6 66. Be6 Nd6+ 67. Kxa7 Ne4 68. b4 Nxg3 69. b5 Ne4 70. b6 1-0